000 00629nam a22002057a 4500
003 OSt
005 20140310182343.0
008 130927t xxu||||| |||| 00| 0 eng d
020 _a9780070516380
050 _aQ 164
_b.W85 1995
082 _aGS 507.8
_bW85
100 _aWood. Robert W.
_921854
245 _aWhere ? :
_bExperiments for the young scientist.
_cWood. Robert W.
260 _aNew york :
_bTab books,
_cc1995.
300 _a133 p :
_b ill. ;
_c24 cm
650 _a Science-
_xExperiments
_921855
650 _aExperiments
_xHoeft, steve, ill--II. Title
_921856
942 _2lcc
_cBK-GS
_eGS
999 _c12175
_d12175